Operating system concepts
Gespeichert in:
| Hauptverfasser: | , |
|---|---|
| Format: | Buch |
| Sprache: | Englisch |
| Veröffentlicht: |
Reading
Addison-Wesley
1994
|
| Ausgabe: | 4a. ed |
| Schlagworte: | |
| Tags: |
Tag hinzufügen
Keine Tags, Fügen Sie den ersten Tag hinzu!
|
MARC
| LEADER | 00000nam a2200000 a 4500 | ||
|---|---|---|---|
| 001 | UCY4506 | ||
| 003 | CL-VaPUC | ||
| 008 | 950315e19940000US |||||||||||||||||eng|d | ||
| 082 | 0 | 4 | |a 005.43 |b SIL |2 21 |
| 100 | 0 | |a Silberschatz, Abraham |e author |9 471150 | |
| 700 | 0 | |a Galvin, Peter B |e author |9 471151 | |
| 245 | 1 | 0 | |a Operating system concepts |
| 250 | |a 4a. ed | ||
| 300 | |a 780 p | ||
| 942 | |c BK | ||
| 945 | |d 19950315 00:00:00 |a mfernand | ||
| 260 | |a Reading |b Addison-Wesley |c 1994 | ||
| 650 | 0 | |a Sistemas operativos |9 260288 | |
| 650 | 0 | |a Computadores |9 258188 | |
| 583 | |a last modification |c 19950315 00:00:00 |k Rodrigo Vera | ||
| 999 | |c 301242 |d 301240 | ||
| 952 | |0 0 |1 0 |4 0 |6 005_430000000000000_SIL_1994 |7 0 |8 A |9 360024 |a BIBING |b BIBING |d 2019-11-21 |i 3066177 |o 005.43 SIL 1994 |p 3066177 |r 2025-01-20 |w 2019-11-21 |y BK |k CCI | ||